Culturing life : (Record no. 1037)

000 -LEADER
fixed length control field 01250nam a22003737a 4500
001 - CONTROL NUMBER
control field 14436957
003 - CONTROL NUMBER IDENTIFIER
control field OSt
005 - DATE AND TIME OF LATEST TRANSACTION
control field 20210426120702.0
008 - FIXED-LENGTH DATA ELEMENTS--GENERAL INFORMATION
fixed length control field 060703s2007 maua b 001 0 eng
010 ## - LIBRARY OF CONGRESS CONTROL NUMBER
LC control number 2006049019
020 ## - INTERNATIONAL STANDARD BOOK NUMBER
International Standard Book Number 9780674023284
020 ## - INTERNATIONAL STANDARD BOOK NUMBER
International Standard Book Number 0674023285 (alk. paper)
040 ## - CATALOGING SOURCE
Original cataloging agency DLC
Transcribing agency DLC
Modifying agency DLC
Language of cataloging eng
041 ## - LANGUAGE CODE
Language code of text/sound track or separate title eng
050 00 - LIBRARY OF CONGRESS CALL NUMBER
Classification number QH585.2
Item number .L36 2007
080 ## - UNIVERSAL DECIMAL CLASSIFICATION NUMBER
Universal Decimal Classification number 57
Item number L-23
082 00 - DEWEY DECIMAL CLASSIFICATION NUMBER
Classification number 571.6/38
Edition number 22
100 1# - MAIN ENTRY--PERSONAL NAME
Personal name Landecker, Hannah.
245 10 - TITLE STATEMENT
Title Culturing life :
Remainder of title how cells became technologies /
Statement of responsibility, etc. / by: Harvard University Press
260 ## - PUBLICATION, DISTRIBUTION, ETC.
Place of publication, distribution, etc. Cambridge, Mass.
Name of publisher, distributor, etc. Harvard University Press
Date of publication, distribution, etc. 2007.
300 ## - PHYSICAL DESCRIPTION
Extent x, 276 p.
Other physical details ill.
Dimensions 22 cm.
365 ## - TRADE PRICE
Price amount 35 usd
504 ## - BIBLIOGRAPHY, ETC. NOTE
Bibliography, etc. note Includes bibliographical references (p. [239]-271) and index.
650 #0 - SUBJECT ADDED ENTRY--TOPICAL TERM
Topical term or geographic name entry element Cell culture.
650 #0 - SUBJECT ADDED ENTRY--TOPICAL TERM
Topical term or geographic name entry element Biology
9 (RLIN) 483
650 #0 - SUBJECT ADDED ENTRY--TOPICAL TERM
Topical term or geographic name entry element Tissue culture.
650 #0 - SUBJECT ADDED ENTRY--TOPICAL TERM
Topical term or geographic name entry element Biotechnology.
653 ## - INDEX TERM--UNCONTROLLED
Uncontrolled term ბიოლოგია
653 ## - INDEX TERM--UNCONTROLLED
Uncontrolled term უჯრედი
653 ## - INDEX TERM--UNCONTROLLED
Uncontrolled term ქსოვილი
906 ## - LOCAL DATA ELEMENT F, LDF (RLIN)
a 7
b cbc
c orignew
d 1
e ocip
f 20
g y-gencatlg
942 ## - ADDED ENTRY ELEMENTS (KOHA)
Source of classification or shelving scheme
Koha item type Books
Holdings
Withdrawn status Lost status Source of classification or shelving scheme Damaged status Not for loan Permanent location Current location Date acquired Inventory number Total Checkouts Full call number Barcode Date last seen Price effective from Koha item type
          Ken Walker International University Ken Walker International University 01/28/2021 2557   57 L-23 2557 01/28/2021 01/28/2021 Books

Powered by Koha